| 000 | 00430nam a2200181Ia 4500 | ||
|---|---|---|---|
| 001 | 17345 | ||
| 005 | 20260306171511.0 | ||
| 008 | 260306s9999||||xx |||||||||||||| ||und|| | ||
| 041 | _aESP | ||
| 082 |
_a657.72 _bA11R |
||
| 100 |
_aAbanto Bromley, Martha _eAUT |
||
| 245 | 0 | _aReconocimiento de intangibles | |
| 260 | _c2019 | ||
| 300 |
_a47 páginas : _c24 cm. |
||
| 650 | _aGEN | ||
| 654 | _aCCO | ||
| 942 |
_cLIB _dJUS _fJUS _2ddc _n |
||
| 999 |
_c17345 _d17345 |
||